000
00283nam a22001337a 4500
008
181030b xxu||||| |||| 00| 0 eng d
020
_a
9780395524503
041
_a
eng
080
_a
910
100
_a
45
101
_a
GEO
245
_a
The Real World
_c
Bruce.M
942
_2
udc
_c
BK
999
_c
51101
_d
51101